| 000 | 00696cam a22002174a 4500 | ||
|---|---|---|---|
| 020 | _a0073656011 (acidfree paper) | ||
| 020 | _a0071120726 (ISE : acidfree paper) | ||
| 040 | _cDLC | ||
| 082 | 0 | 0 | _a540 HIL 2002 A027 Or. |
| 100 | 1 | _aChang, Raymond. | |
| 245 | 1 | 0 | _aChemistry / |
| 250 | _a7th ed. | ||
| 260 |
_aBoston : _bMcGraw-Hill, _cc2002. |
||
| 300 |
_a1 v. (various pagings) : _bcol. ill. ; _c27 cm. |
||
| 500 | _aIncludes index. | ||
| 650 | 0 | _aChemistry. | |
| 856 | 4 | 2 | _uhttp://www.loc.gov/catdir/description/mh024/00066845.html |
| 856 | 4 | 1 | _uhttp://www.loc.gov/catdir/toc/mh023/00066845.html |
| 856 | 4 | 2 | _uhttp://www.loc.gov/catdir/enhancements/fy0737/00066845-b.html |
| 942 | _cEK | ||
| 999 |
_c13397 _d13397 |
||